| 000 | 00651cam a2200193 a 4500 | ||
|---|---|---|---|
| 020 | _a9780821373750 | ||
| 040 | _cDLC | ||
| 082 | 0 | 0 | _a370 NAT 2008 A011 Or. |
| 245 | 0 | 0 |
_aToward a better future : _beducation and training for economic development in Singapore since 1965 / |
| 260 |
_aWashington, D.C. : _bWorld Bank ; _aSingapore : _bNational Institute of Education, _cc2008. |
||
| 300 |
_axvi, 206 p. : _bill., maps : _c26 cm. |
||
| 650 | 0 | _aEducation | |
| 650 | 0 | _aEducation | |
| 650 | 0 | _aVocational education | |
| 650 | 0 | _aSingapore | |
| 700 | 1 | _aLee, Sing-Kong. | |
| 856 | 4 | 1 | _uhttp://www.loc.gov/catdir/toc/ecip083/2007043612.html |
| 942 | _cEK | ||
| 999 |
_c13569 _d13569 |
||